I giornali arcobaleno : dieci magazine per la comunità omosessuale : tesi di laurea /

Furkejuvvon:
Bibliográfalaš dieđut
Váldodahkkit: Paulucci, Maria, (fl. 2002) (Dahkki), Fontanarosa, Rinaldo (Dahkki)
Materiálatiipa: Girji
Giella:itáliagiella
Almmustuhtton: A.a. 2002-2003
Fáddágilkorat: Lasit fáddágilkoriid
Eai fáddágilkorat, Lasit vuosttaš fáddágilkora!

MARC

LEADER 00000nam a22000007i 4500
001 IT\ICCU\UBO\2768597
003 ItRI
005 20260124192843.0
008 050704m20022003it |||||| ||||| |||||c
040 |b ita  |c importazione bologna sebina 
041 7 |a ita  |2 ISO-639-2 
100 1 |a Paulucci, Maria,  |d  (fl. 2002)  |0 IT\ICCU\UBOV\984482  |4 aut 
245 1 2 |a I giornali arcobaleno :  |b dieci magazine per la comunità omosessuale : tesi di laurea /  |c candidata: Maria Paulucci ; relatore: Rinaldo Fontanarosa ; correlatore: Enrico Pozzi. 
260 |c A.a. 2002-2003 
300 |a 347 p. ;  |c 21 cm 
500 |a In testa al front.: Università degli Studi di Roma "La Sapienza" , Facoltà di Scienze della Comunicazione. 
700 1 |a Fontanarosa, Rinaldo  |0 IT\ICCU\UBOV\984483  |4 aut 
942 |2 ddc  |c TS  |n 0 
952 |0 0  |1 0  |4 0  |6 TESI_306_766000000000000_PAU  |7 0  |9 24830  |a BO  |b BO  |d 2026-01-15  |i 8166  |l 0  |o TESI 306.766 PAU  |p BO8166  |r 2026-01-15 23:23:48  |w 2026-01-15  |x [Sebina 7] [1 v.]  |y TS  |z 1 v. 
999 |c 21103  |d 21103